000 00737nam0a22002411 4500
001 rc\280932
005 20260406122447.0
035 _a(NLR Aleph) 005508146
090 _a5377411
_c5377411
100 _a20030307d1990 |||y0rusy50 ca
101 0 _arus
102 _aRU
105 _aa |||||||||
200 1 _aОсновы рекламы и маркетинга
_eПракт. рекомендации
210 _aУфа
_cБанк "Восток"
_d1990
215 _a63 с.
_cил.
_d21
320 _aБиблиогр.: с. 63 (13 назв.)
712 0 2 _a"Восток", банк
_cУфа
_3RU\NLR\AUTH\8815111
_9303475
801 0 _aRU
_bNLR
_gpsbo
801 1 _aRU
_bELAR
_2rusmarc
852 _aNLR
_j90-4/8752
942 _cBOOK
980 _aNB